00800nam a2200241Ia 4500001000600000003000900006008004100015040001300056040001300069041001300082100002000095100002900115245007100144245003300215250001100248260000900259260001100268260004900279300005700328500012100385650002100506650003100527 8525IT-RoPAU130308s9999 xx 000 0 und d aIT-RoPAU cIT-RoPAU aITALIANO aRose Jacqueline gCodice Aut. SPICS: 12154 aUccelli (Gli) e Intrigo internazionale: alcuni punti di differenza bKinomata-La donna nel Cinema a1a ed. aBARI bDedalo c1980 [1° Ed.:1980 - Ed.Ling.Originale:1980] a"19 p. (prefazione: no ; testo: 19 [pagine: 55-73])" aGli Uccelli di Alfred Hitchcock Allucinazione e Cinema Paranoia e Sistema Filmicoermeneutica dell'Allucinazione Urlo aSAGGI SUL CINEMA eCodice materia Spics: 6811